000
00307 a2200145 4500
001
181367
020
_a
040
_c
Magnum
100
_a
Afonseca, Elisia Terezinha Melgaco de
240
1
0
_a
Redacao
_l
por
245
1
0
_a
Redacao
362
0
_a
1899
697
_a
MAGNITO: PRODUCAO DE TEXTO
942
_c
BK
999
_c
181367
_d
181367